Efectos de los agentes aclaradores sobre materiales restauradores directos : (Registro nro. 5611)

Detalles MARC
000 -LEADER
fixed length control field 01846nam a2200277 4500
003 - CONTROL NUMBER IDENTIFIER
control field co-ctgcurn
005 - DATE AND TIME OF LATEST TRANSACTION
control field 20250329165503.0
007 - PHYSICAL DESCRIPTION FIXED FIELD--GENERAL INFORMATION
fixed length control field ta
008 - FIXED-LENGTH DATA ELEMENTS--GENERAL INFORMATION
fixed length control field 190415s2021 000 0 eng d
040 ## - CATALOGING SOURCE
Original cataloging agency CO-CtgCURN
Language of cataloging spa
Transcribing agency coctgcurn
082 0# - DEWEY DECIMAL CLASSIFICATION NUMBER
Classification number ODO 2021
Item number H493
100 1# - MAIN ENTRY--PERSONAL NAME
Personal name Henao Suarez, Adriana María.
245 10 - TITLE STATEMENT
Title Efectos de los agentes aclaradores sobre materiales restauradores directos :
Remainder of title revisión de literatura /
Statement of responsibility, etc. Ana María Henao Suarez; Aura Cristina Jaramillo Ortega; Greicy Rogelia Mercado Cortez; Isaura Luz Valerio Velásquez; director Álvaro Andrés Matson Robles.
260 #1 - PUBLICATION, DISTRIBUTION, ETC.
Place of publication, distribution, etc. Cartagena de Indias : :
Name of publisher, distributor, etc. Corporación Universitaria Rafael Nuñez,,
Date of publication, distribution, etc. 2021.
300 ## - PHYSICAL DESCRIPTION
Extent 22 hojas.
504 ## - BIBLIOGRAPHY, ETC. NOTE
Bibliography, etc. note Trabajo de grado (Odontologo).Corporación Universitaria Rafael Núñez. Facultad de Ciencias de Salud. Programa de Odontología, 2021.
520 ## - SUMMARY, ETC.
Summary, etc. "A pesar de la heterogeneidad en los métodos evaluados, se reportó que los agentes aclaradores si muestran efectos sobre las diferentes propiedades del material restaurador, principalmente en el color, microdureza, rugosidad y resistencia a la flexión. Por lo tanto, es necesario la realización de investigaciones que permitan obtener resultados más precisos para la práctica clínica."
650 14 - SUBJECT ADDED ENTRY--TOPICAL TERM
Topical term or geographic name entry element Odontología
Form subdivision Tesis y disertaciones academicas.
700 1# - ADDED ENTRY--PERSONAL NAME
Personal name Jaramillo Ortega, Aura Cristina.
700 1# - ADDED ENTRY--PERSONAL NAME
Personal name Mercado Cortez, Greicy Rogelia.
700 1# - ADDED ENTRY--PERSONAL NAME
Personal name Valerio Velásquez, Isaura Luz.
700 1# - ADDED ENTRY--PERSONAL NAME
Personal name Matson Robles, Álvaro Andrés,
Relator term director.
856 ## - ELECTRONIC LOCATION AND ACCESS
Uniform Resource Identifier <a href="https://unicurn.sharepoint.com/:b:/s/biblioteca/EU3tiuRocxdEvS9AUh9_lhoBo-kRMHrAL5YSHhPyAhHGhA?e=uod8Zc">https://unicurn.sharepoint.com/:b:/s/biblioteca/EU3tiuRocxdEvS9AUh9_lhoBo-kRMHrAL5YSHhPyAhHGhA?e=uod8Zc</a>
Public note Click aqui para ver el recurso en texto completo
942 ## - ADDED ENTRY ELEMENTS (KOHA)
Source of classification or shelving scheme Dewey Decimal Classification
Koha item type Trabajos de grado
Classification part ODO 2021
Item part H493
Existencias
Withdrawn status Lost status Source of classification or shelving scheme Damaged status Not for loan Collection Home library Current library Shelving location Date acquired Source of acquisition Cost, normal purchase price Inventory number Total checkouts Full call number Barcode Date last seen Price effective from Koha item type
    Dewey Decimal Classification     Trabajos de grado Miguel Henríquez Emiliani Miguel Henríquez Emiliani Trabajo de grado 06/01/2021 El autor 350000.00 023530   ODO 2021 H493 023530 03/29/2025 03/29/2025 Trabajos de grado